<?xml version="1.0" encoding="UTF-8"?><?xml-stylesheet type="text/xsl" href="static/style.xsl"?><OAI-PMH xmlns="http://www.openarchives.org/OAI/2.0/" xmlns:xsi="http://www.w3.org/2001/XMLSchema-instance" xsi:schemaLocation="http://www.openarchives.org/OAI/2.0/ http://www.openarchives.org/OAI/2.0/OAI-PMH.xsd"><responseDate>2026-04-13T14:25:58Z</responseDate><request verb="GetRecord" identifier="oai:www.recercat.cat:20.500.14342/759" metadataPrefix="marc">https://recercat.cat/oai/request</request><GetRecord><record><header><identifier>oai:recercat.cat:20.500.14342/759</identifier><datestamp>2025-05-15T19:19:09Z</datestamp><setSpec>com_2072_482405</setSpec><setSpec>com_2072_183628</setSpec><setSpec>col_2072_482409</setSpec></header><metadata><record xmlns="http://www.loc.gov/MARC21/slim" xmlns:dcterms="http://purl.org/dc/terms/" xmlns:xsi="http://www.w3.org/2001/XMLSchema-instance" xmlns:doc="http://www.lyncode.com/xoai" xsi:schemaLocation="http://www.loc.gov/MARC21/slim http://www.loc.gov/standards/marcxml/schema/MARC21slim.xsd">
   <leader>00925njm 22002777a 4500</leader>
   <datafield ind2=" " ind1=" " tag="042">
      <subfield code="a">dc</subfield>
   </datafield>
   <datafield ind2=" " ind1=" " tag="720">
      <subfield code="a">Hernáez, Álvaro</subfield>
      <subfield code="e">author</subfield>
   </datafield>
   <datafield ind2=" " ind1=" " tag="720">
      <subfield code="a">Soria Florido, María Trinidad</subfield>
      <subfield code="e">author</subfield>
   </datafield>
   <datafield ind2=" " ind1=" " tag="720">
      <subfield code="a">Schröder, Helmut</subfield>
      <subfield code="e">author</subfield>
   </datafield>
   <datafield ind2=" " ind1=" " tag="720">
      <subfield code="a">Ros Rahola, Emilio</subfield>
      <subfield code="e">author</subfield>
   </datafield>
   <datafield ind2=" " ind1=" " tag="720">
      <subfield code="a">Pintó Sala, Xavier</subfield>
      <subfield code="e">author</subfield>
   </datafield>
   <datafield ind2=" " ind1=" " tag="720">
      <subfield code="a">Estruch Riba, Ramon</subfield>
      <subfield code="e">author</subfield>
   </datafield>
   <datafield ind2=" " ind1=" " tag="720">
      <subfield code="a">Salas Salvadó, Jordi</subfield>
      <subfield code="e">author</subfield>
   </datafield>
   <datafield ind2=" " ind1=" " tag="720">
      <subfield code="a">Corella Piquer, Dolores</subfield>
      <subfield code="e">author</subfield>
   </datafield>
   <datafield ind2=" " ind1=" " tag="720">
      <subfield code="a">Arós, Fernando</subfield>
      <subfield code="e">author</subfield>
   </datafield>
   <datafield ind2=" " ind1=" " tag="720">
      <subfield code="a">Serra Majem, Lluís</subfield>
      <subfield code="e">author</subfield>
   </datafield>
   <datafield ind2=" " ind1=" " tag="720">
      <subfield code="a">Martínez-González, Miguel Ángel, 1957-</subfield>
      <subfield code="e">author</subfield>
   </datafield>
   <datafield ind2=" " ind1=" " tag="720">
      <subfield code="a">Fiol Sala, Miguel</subfield>
      <subfield code="e">author</subfield>
   </datafield>
   <datafield ind2=" " ind1=" " tag="720">
      <subfield code="a">Lapetra, José</subfield>
      <subfield code="e">author</subfield>
   </datafield>
   <datafield ind2=" " ind1=" " tag="720">
      <subfield code="a">Elosua Llanos, Roberto</subfield>
      <subfield code="e">author</subfield>
   </datafield>
   <datafield ind2=" " ind1=" " tag="720">
      <subfield code="a">Lamuela Raventós, Rosa Ma.</subfield>
      <subfield code="e">author</subfield>
   </datafield>
   <datafield ind2=" " ind1=" " tag="720">
      <subfield code="a">Fitó Colomer, Montserrat</subfield>
      <subfield code="e">author</subfield>
   </datafield>
   <datafield ind2=" " ind1=" " tag="260">
      <subfield code="c">2019-06</subfield>
   </datafield>
   <datafield ind2=" " ind1=" " tag="520">
      <subfield code="a">Background&#xd;
High-density lipoprotein (HDL) functionality and low-density lipoprotein (LDL) atherogenic traits can describe the role of both particles on cardiovascular diseases more accurately than HDL- or LDL-cholesterol levels. However, it is unclear how these lipoprotein properties are particularly affected by different cardiovascular risk factors.&#xd;
&#xd;
Objective&#xd;
To determine which lipoprotein properties are associated with greater cardiovascular risk scores and each cardiovascular risk factor.&#xd;
&#xd;
Methods&#xd;
In two cross-sectional baseline samples of PREDIMED trial volunteers, we assessed the associations of HDL functionality (N = 296) and LDL atherogenicity traits (N = 210) with: 1) the 10-year predicted coronary risk (according to the Framingham-REGICOR score), and 2) classical cardiovascular risk factors.&#xd;
&#xd;
Results&#xd;
Greater cardiovascular risk scores were associated with low cholesterol efflux values; oxidized, triglyceride-rich, small HDL particles; and small LDLs with low resistance against oxidation (P-trend&lt;0.05, all). After adjusting for the rest of risk factors; 1) type-2 diabetic individuals presented smaller and more oxidized LDLs (P&lt;0.026, all); 2) dyslipidemic participants had smaller HDLs with an impaired capacity to metabolize cholesterol (P&lt;0.035, all); 3) high body mass index values were associated to lower HDL and LDL size and a lower HDL capacity to esterify cholesterol (P&lt;0.037, all); 4) men presented a greater HDL oxidation and lower HDL vasodilatory capacity (P&lt;0.046, all); and 5) greater ages were related to small, oxidized, cytotoxic LDL particles (P&lt;0.037, all).&#xd;
&#xd;
Conclusions&#xd;
Dysfunctional HDL and atherogenic LDL particles are present in high cardiovascular risk patients. Dyslipidemia and male sex are predominantly linked to HDL dysfunctionality, whilst diabetes and advanced age are associated with LDL atherogenicity.</subfield>
   </datafield>
   <datafield ind1="8" ind2=" " tag="024">
      <subfield code="a">http://hdl.handle.net/20.500.14342/759</subfield>
   </datafield>
   <datafield ind1="8" ind2=" " tag="024">
      <subfield code="a">https://dx.doi.org/10.1371/journal.pone.0218533</subfield>
   </datafield>
   <datafield tag="653" ind2=" " ind1=" ">
      <subfield code="a">Sistema cardiovascular -- Malalties -- Factors de risc</subfield>
   </datafield>
   <datafield tag="653" ind2=" " ind1=" ">
      <subfield code="a">Lipoproteïnes de densitat alta</subfield>
   </datafield>
   <datafield tag="653" ind2=" " ind1=" ">
      <subfield code="a">Lipoproteïnes de densitat baixa</subfield>
   </datafield>
   <datafield tag="653" ind2=" " ind1=" ">
      <subfield code="a">Colesterol</subfield>
   </datafield>
   <datafield ind2="0" ind1="0" tag="245">
      <subfield code="a">Role of HDL function and LDL atherogenicity on cardiovascular risk: a comprehensive examination</subfield>
   </datafield>
</record></metadata></record></GetRecord></OAI-PMH>